| 000 | 00410nam a2200145Ia 4500 | ||
|---|---|---|---|
| 008 | 231129s1999||||xx |||||||||||||| ||spa|| | ||
| 020 | _a958-676-071-5 | ||
| 040 | _bspa | ||
| 082 | _a346.016 B461d | ||
| 100 | _aBenetti Angel Julio Ignacio | ||
| 245 | 0 | _aDerecho matrimonial colombiano: analisis critico | |
| 260 | _c1999 | ||
| 264 | _aDoctrina y Ley | ||
| 942 |
_2ddc _cBKS |
||
| 999 |
_c8985 _d8985 |
||